[Event "Czech Open A"]
[Site "Pardubice CZE"]
[Date "2009.07.26"]
[Round "3"]
[White "Nilsson,S"]
[Black "Neiksans,A"]
[Result "1/2-1/2"]
[WhiteElo "2274"]
[BlackElo "2478"]

1.e4 c5 2.Nf3 e6 3.d4 cxd4 4.Nxd4 a6 5.Bd3 Bc5 6.Nb3 Ba7 7.Qe2 Nc6 8.Be3 Bxe3
9.Qxe3 Qc7 10.Nc3 Nf6 11.O-O-O d6 12.Be2 O-O 13.g4 d5 14.exd5 Nxd5 15.Nxd5 exd5
16.Kb1 Be6 17.Nd4 Rfe8 18.Qg3 Qb6 19.f4 Nxd4 20.Qf2 Bf5 21.gxf5 Rxe2 22.Qxd4 Qc6
23.Rd2 Rae8 24.Rg1 Re1+ 25.Rd1 Rxd1+ 26.Qxd1 Re4 27.Qg4 g6 28.h4 Qc7 29.fxg6 hxg6
30.h5 Rxf4 31.Qg2 Rf6 32.Qxd5 Qh2 33.Qd1 Rd6 34.Qg4 Rc6 35.c3 Rb6 36.b3 Qd6
37.Qe4  1/2-1/2

[Event "Continental ch-Americas"]
[Site "Sao Paulo BRA"]
[Date "2009.07.26"]
[Round "2"]
[White "Caldeira,A"]
[Black "Zapata,Alo"]
[Result "0-1"]
[WhiteElo "2268"]
[BlackElo "2523"]

1.e4 c5 2.Nf3 e6 3.d4 cxd4 4.Nxd4 a6 5.Bd3 Nf6 6.O-O Qc7 7.Qe2 d6 8.c4 g6
9.b3 Bg7 10.Bb2 O-O 11.Nd2 Nbd7 12.Rac1 Nc5 13.Bc2 e5 14.N4f3 Nh5 15.b4 Ne6
16.g3 Qe7 17.Rfd1 f5 18.c5 dxc5 19.bxc5 Nd4 20.Nxd4 exd4 21.Bxd4 Bxd4 22.Qc4+ Be6
23.Qxd4 Bxa2 24.exf5 gxf5 25.Re1 Qf6 26.Qxf6 Rxf6 27.Re5 Ng7 28.Ra1 Re6 29.Nf3 Rxe5
30.Nxe5 Be6 31.Rb1 Rc8 32.Rxb7 Rxc5 33.Rb8+ Rc8 34.Rb2 Kf8 35.Ba4 f4 36.gxf4 Nh5
37.Rb4 Ke7 38.f3 Rc3 39.Kf2 Ra3 40.h4 a5 41.Rd4 Ra2+ 42.Ke3 Ng3 43.Kd3 Ne2
44.Nc6+ Kf6 45.Rd8 Nxf4+ 46.Ke3 Ng2+ 47.Kd3 Rxa4 48.Rf8+ Kg7 49.Ra8 Nxh4
50.Rxa5 Rxa5 51.Nxa5 Nxf3 52.Nc6 Kf6 53.Ke3 h5 54.Kf4 Nh4 55.Nd4 Ng6+ 56.Kg3 Bd5
57.Ne2 Kg5 58.Nc3 Bc6 59.Ne2 Nf4 60.Nd4 Bd5 61.Nc2 Be4 62.Ne3 h4+ 63.Kh2 Nd5
64.Nf1 Kg4 65.Nd2 Bd3 66.Nb3 Ne3 67.Nc5 Bf5  0-1

[Event "Continental ch-Americas"]
[Site "Sao Paulo BRA"]
[Date "2009.07.26"]
[Round "2"]
[White "Chiari,A"]
[Black "Salazar,Ca"]
[Result "0-1"]
[WhiteElo "1854"]
[BlackElo "2189"]

1.e4 c5 2.Nf3 e6 3.d4 cxd4 4.Nxd4 a6 5.Bd3 Nf6 6.O-O Qc7 7.Nc3 b5 8.Re1 d6
9.f4 Nbd7 10.Kh1 Bb7 11.a3 Be7 12.e5 dxe5 13.fxe5 Nxe5 14.Bf4 Nxd3 15.Bxc7 Nf2+
16.Kg1 Nxd1 17.Raxd1 O-O 18.Nb3 Rfc8 19.Bb6 Bxa3 20.bxa3 Rxc3 21.Rd2 Bd5
22.Bd4 Rc7 23.Re3 Bxb3 24.cxb3 Rc1+  0-1

[Event "ZMD Open"]
[Site "Dresden GER"]
[Date "2009.07.27"]
[Round "3"]
[White "Meissner,F"]
[Black "Miezis,N"]
[Result "0-1"]
[WhiteElo "2099"]
[BlackElo "2572"]

1.e4 c5 2.Nf3 e6 3.d4 cxd4 4.Nxd4 a6 5.Bd3 Nf6 6.O-O Qc7 7.Nc3 Nc6 8.Nxc6 dxc6
9.f4 e5 10.f5 h5 11.Qe2 Bc5+ 12.Be3 Qb6 13.Bxc5 Qxc5+ 14.Qf2 Qxf2+ 15.Rxf2 b5
16.a4 Bb7 17.Re2 Ke7 18.b3 Rhd8 19.Rae1 Rd4 20.Re3 Rad8 21.Kf1 Nd7 22.axb5 cxb5
23.Be2 h4 24.Bf3 Rc8 25.R1e2 Kf6 26.Kf2 b4 27.Na4 a5 28.Ke1 Ba6 29.Rd2 Rd8
30.Rf2 Kg5 31.Be2 Bxe2 32.Rfxe2 Nf6 33.Nb2 Nh5 34.g3 hxg3 35.hxg3 Nf6 36.Nd3 Ng4
37.Rf3 Rh8 38.Nf2 Nxf2 39.Rfxf2 Kg4 40.Re3 Rh1+ 41.Rf1 Rh2 42.f6 g6  0-1

[Event "Czech Open A"]
[Site "Pardubice CZE"]
[Date "2009.07.27"]
[Round "4"]
[White "Rasik,V"]
[Black "Trygstad,K"]
[Result "1-0"]
[WhiteElo "2455"]
[BlackElo "2311"]

1.e4 c5 2.Nf3 e6 3.d4 cxd4 4.Nxd4 a6 5.Bd3 Nf6 6.O-O Qc7 7.Qe2 d6 8.c4 g6
9.Nc3 Bg7 10.Be3 O-O 11.Rac1 Nbd7 12.Rfd1 b6 13.f3 Bb7 14.Qf2 Rac8 15.Bf1 Qb8
16.b4 Rfe8 17.Nb3 Ne5 18.Bxb6 Nxc4 19.Ba7 Qa8 20.Na4 Ne5 21.Bd4 Rxc1 22.Rxc1 Nc6
23.Bc3 d5 24.exd5 Nxd5 25.Bxg7 Kxg7 26.Nb6 Qd8 27.Nxd5 Qxd5 28.Nc5 Bc8 29.Nxa6 Nd4
30.Nc7  1-0

[Event "zt 3.3"]
[Site "Ho Chi Minh City VIE"]
[Date "2009.07.28"]
[Round "8"]
[White "Dang Duy Linh"]
[Black "Le Minh Hoang"]
[Result "0-1"]
[WhiteElo "2084"]
[BlackElo "1941"]

1.e4 c5 2.Nf3 e6 3.d4 cxd4 4.Nxd4 a6 5.Bd3 Qc7 6.Be3 Nf6 7.O-O b5 8.a4 b4
9.c3 Bb7 10.cxb4 Bxb4 11.Qb3 Bd6 12.f4 Bxe4 13.Bxe4 Nxe4 14.Rc1 Nc6 15.Nxc6 dxc6
16.Qc4 Nf6 17.g3 Nd5 18.Bd4 Ne7 19.Nc3 Rb8 20.Qxa6 Qd7 21.Ne4 O-O 22.Nxd6 Qxd6
23.Be5 Qd2 24.Bxb8 Qe3+ 25.Kg2 Rxb8 26.Re1 Qd2+ 27.Qe2 Qd5+ 28.Kg1 Nf5 29.Qe5 Qb3
30.Rad1 h5 31.Rd2 Qb6+ 32.Kh1 Ra8 33.Re4 Ra5 34.Qc3 Rc5 35.Rc4 Qa6 36.b3 Rd5
37.Kg2 Qb6 38.Rxd5 cxd5 39.Rc6 Qb7 40.Kf2 Kh7 41.a5 d4 42.Qc4 Ne3 43.a6 Qd7
44.Rc7 Qd8 45.Qd3+ f5 46.a7 Qd5 47.Ke1 Qh1+  0-1

[Event "Czech Open A"]
[Site "Pardubice CZE"]
[Date "2009.07.28"]
[Round "5"]
[White "Korinek,O"]
[Black "Neiksans,A"]
[Result "1/2-1/2"]
[WhiteElo "2275"]
[BlackElo "2478"]

1.e4 c5 2.Nf3 e6 3.d4 cxd4 4.Nxd4 a6 5.Bd3 Bc5 6.Nb3 Ba7 7.Qg4 Nf6 8.Qg3 Nc6
9.Nc3 h5 10.Bg5 h4 11.Qf4 h3 12.g3 d6 13.O-O-O Ne5 14.Be2 b5 15.a3 Bb7 16.f3 Qe7
17.Na5 Bc8 18.Qd2 Bb6 19.Nb3 Bc7 20.f4 Ned7 21.Bf3 Bb7 22.Rhe1 O-O-O 23.Qe2 Kb8
24.Rd3 Rc8 25.Red1 Qe8 26.Bxf6 gxf6 27.Kb1 Qe7 28.Qf1 Nb6 29.Na5 Ba8 30.Qf2 Rhd8
31.Qf1 Na4 32.Nb3 Nxc3+ 33.Rxc3 Rh8 34.Qe2 Bb7 35.Qf1 Ka7 36.Bh1 Bb6 37.Rxc8 Bxc8
38.Nd4 Bb7 39.Bf3 Qc7 40.Rd3 Qc4 41.Qd1 Rd8 42.b3 Qc5 43.Kb2 d5 44.exd5 Bxd5
45.Bxd5 Rxd5 46.Nf3 Rxd3 47.Qxd3 Qc6 48.Qc3 Qd5 49.Qd3 Qxd3 50.cxd3 Kb7 51.Kc3 Kc6
52.a4 bxa4 53.bxa4 Kd5 54.Kd2 a5 55.Kc3 f5 56.Kd2 f6 57.Kc3 Be3 58.Kc2 e5
59.fxe5 fxe5 60.Kd1 Kc5 61.Nxe5 Kb4 62.Ke2 Bb6 63.g4 fxg4 64.Nxg4 Kxa4 65.Ne5 Bc7
66.Nc4 Bxh2 67.Kf3 Bf4 68.Kf2 Bh2 69.Kf3 Bc7 70.Kf2 Kb4 71.Nxa5 Bb6+ 72.Kg3 Bxa5
73.Kxh3 Kc3 74.d4 Kxd4  1/2-1/2

[Event "ch-Euro Senior"]
[Site "Rogaska Slatina SLO"]
[Date "2009.07.28"]
[Round "7"]
[White "Gruzmann,B"]
[Black "Vucenovic,D"]
[Result "0-1"]
[WhiteElo "2236"]
[BlackElo "2309"]

1.e4 c5 2.Nf3 e6 3.d4 cxd4 4.Nxd4 a6 5.Bd3 Qc7 6.O-O Nf6 7.Kh1 Be7 8.f4 d6
9.c4 Nbd7 10.Nc3 b6 11.Qe2 Bb7 12.Bd2 O-O 13.Rae1 e5 14.Nf5 Rfe8 15.Nxe7+ Rxe7
16.fxe5 Rxe5 17.Bf4 Ree8 18.Bg5 Qc5 19.Nd5 Bxd5 20.Be3 Qc7 21.cxd5 Ne5 22.Bd4 b5
23.Bb1 Rac8 24.b3 Qa5 25.Bxe5 dxe5 26.h3 Qb4 27.Kh2 Rc3 28.Rd1 Qd6 29.Rf3 Rxf3
30.Qxf3 Rc8 31.Qf2 h6 32.Qd2 Nd7 33.Bd3 f5 34.Rc1 Rxc1 35.Qxc1 Qc5 36.Qb1 f4
37.Be2 Nf6 38.Bf3 Kf7 39.Qa1 Qc7 40.a4 b4 41.Qf1 Qc8 42.Qd1 Qd8 43.Qd3 Qc8
44.Kg1 g5 45.Qd1 Qc5+ 46.Kf1 Ke7 47.Qd3 Qc1+ 48.Ke2 Qb2+ 49.Ke1 Qc1+ 50.Bd1 Qc8
51.Kd2 h5 52.Bc2 Kd6 53.Qf3 g4 54.hxg4 hxg4 55.Qd3 Qc3+ 56.Ke2 Qxd3+ 57.Bxd3 a5
58.Kf2 Kc5 59.Ke2 Kd4 60.d6 Kc5 61.Bc2 Kxd6 62.Kd3 Nd7 63.Kd2 Nc5 64.Ke2 Ne6
65.Bd1 Kc5 66.Kd3 g3  0-1

[Event "Hanowa Generations"]
[Site "Biel SUI"]
[Date "2009.07.29"]
[Round "9"]
[White "Kudryavtsev,E"]
[Black "Illijin,N"]
[Result "1-0"]
[WhiteElo "2073"]
[BlackElo "2246"]

1.e4 c5 2.Nf3 e6 3.d4 cxd4 4.Nxd4 a6 5.Bd3 Nf6 6.Nc3 d6 7.O-O Be7 8.Kh1 b5
9.f4 b4 10.Nce2 Bb7 11.Ng3 Nbd7 12.Qe2 Nc5 13.Bd2 Nxd3 14.cxd3 a5 15.a3 bxa3
16.bxa3 O-O 17.Rab1 Qd7 18.Bc3 Rfc8 19.Ba1 Ba6 20.e5 dxe5 21.fxe5 Nd5 22.Ne4 Bxa3
23.Ng5 Rf8 24.Qe4 g6 25.Qh4 h5 26.Qe4 Nb4 27.Rxf7 Rxf7 28.Nxf7 Qxf7 29.Qxa8+ Kg7
30.Qf3 Bxd3 31.Rb3 Qxf3 32.gxf3 Bc1 33.Nxe6+ Kf7 34.Nc5 Bf5 35.Bc3 g5 36.Bxb4 axb4
37.Rxb4 g4 38.Kg2 Be3 39.Rb7+ Kg6 40.Ne4 h4 41.Nf2 gxf3+ 42.Kxf3 Bd4 43.Re7 Bc2
44.Ne4 Kf5 45.Nd6+ Kg5 46.Re8 Bg6 47.Rg8 Bb2 48.e6 Bf6 49.Ne4+ Kf5 50.Rf8  1-0

[Event "ZMD Open"]
[Site "Dresden GER"]
[Date "2009.07.29"]
[Round "5"]
[White "Rudolf,S"]
[Black "Kovalev,An"]
[Result "0-1"]
[WhiteElo "2162"]
[BlackElo "2533"]

1.e4 c5 2.Nf3 e6 3.d4 cxd4 4.Nxd4 a6 5.Bd3 Ne7 6.O-O Nbc6 7.Nb3 d6 8.Qe2 Ng6
9.f4 Be7 10.a4 b6 11.Be3 O-O 12.N1d2 Bf6 13.c3 Re8 14.Qf2 Rb8 15.Qe2 Ra8
16.Qf2 Rb8 17.Qe2 a5 18.Bb5 Qc7 19.Nd4 Bd7 20.Qd3 Bxd4 21.Bxd4 e5 22.fxe5 dxe5
23.Be3 Be6 24.Qe2 Red8 25.Bc4 Nf4 26.Bxf4 exf4 27.Bxe6 fxe6 28.Nf3 Qd6 29.Rad1 Qc5+
30.Kh1 h6 31.h3 g5 32.e5 Kg7 33.Qe4 Rbc8 34.Rde1 Qd5 35.Qe2 Qd3 36.Qf2 Rb8
37.Rd1 Qc4 38.Rfe1 Qb3 39.Nd4 Nxd4 40.Rxd4 Rd5 41.c4 Rxd4 42.Qxd4 Qxa4 43.Qd6 Qe8
44.Qc7+ Kg6 45.Rd1 Rc8 46.Qxb6 Rxc4 47.Rd6 Kf5 48.Qxa5 Qc8 49.Rd1 Rc1 50.Qd2 Rxd1+
51.Qxd1 Kxe5 52.Qe2+ Kf6 53.b4 Qc1+ 54.Kh2 Qc3 55.b5 Qe5 56.Qf1 h5 57.b6 Qb2
58.Qf3 Qxb6 59.Qxh5 Qc7 60.Qh8+ Kf5 61.Qf8+ Ke5 62.Qb4 Qd6 63.Qb1 Kf6 64.Qe4 f3+
65.Kg1 Qc5+ 66.Kf1 fxg2+ 67.Qxg2 Qc1+  0-1

[Event "ch-AUT"]
[Site "Jenbach AUT"]
[Date "2009.07.30"]
[Round "6"]
[White "Kleiser,G"]
[Black "Freitag,Ma"]
[Result "1-0"]
[WhiteElo "2292"]
[BlackElo "2404"]

1.e4 c5 2.Nf3 e6 3.d4 cxd4 4.Nxd4 a6 5.Bd3 Qb6 6.c3 Bc5 7.Be3 Nc6 8.Nd2 Ne5
9.N2b3 d6 10.Be2 Qc7 11.O-O Nf6 12.f4 Ned7 13.Bf3 Ba7 14.Kh1 O-O 15.Qe1 Nb6
16.Rd1 Nc4 17.Bc1 e5 18.fxe5 dxe5 19.Qg3 Bb8 20.Nc2 Be6 21.Bg5 Ne8 22.Bd8 Qc8
23.Be7 Bd6 24.Bxf8 Kxf8 25.Rb1 a5 26.Qe1 a4 27.Nc1 b5 28.b3 Nb6 29.Be2 axb3
30.axb3 Qc6 31.Bd3 Rc8 32.Ne2 Nf6 33.Qd2 Be7 34.Qe3 Nbd7 35.b4 Nb6 36.Na3 Nc4
37.Nxc4 Bxc4 38.Bxc4 Qxc4 39.Ng3 h5 40.Rbc1 g6 41.Rf3 Kg8 42.Rcf1 h4 43.Ne2 Ng4
44.Qa7 Rc7 45.Qb8+ Rc8 46.Qb7 Rc7 47.Qa8+ Rc8 48.Qa6 Rc6 49.Qa1 Nf6 50.Qa8+ Kg7
51.Qb7 Re6 52.Ng1 Bd6 53.Re1 Re7 54.Qb6 Re6 55.Qf2 Be7 56.Qxh4 Rd6 57.Rh3 Ng8
58.Qh8+ Kf8 59.Qxe5 Re6 60.Qb8+ Kg7 61.e5  1-0

[Event "Centroamericano & Caribbean U20 w"]
[Site "Medellin COL"]
[Date "2009.07.30"]
[Round "1"]
[White "Salazar,Au"]
[Black "Figueroa,J"]
[Result "1-0"]
[WhiteElo "2049"]
[BlackElo "1770"]

1.e4 c5 2.Nf3 e6 3.d4 cxd4 4.Nxd4 a6 5.Bd3 Nc6 6.Nxc6 bxc6 7.O-O d5 8.Qe2 Nf6
9.e5 Nd7 10.b3 Nc5 11.Bb2 Nxd3 12.Qxd3 Bc5 13.Nd2 O-O 14.Bd4 Qb6 15.c3 a5
16.Qe3 Bxd4 17.cxd4 a4 18.bxa4 Rxa4 19.Nb3 Qa7 20.Rfc1 Rxa2 21.Rxa2 Qxa2
22.Rxc6 Ba6 23.h3 Rc8 24.Qg5 h6 25.Rxc8+ Bxc8 26.Qe3 Ba6 27.Nc5 Bc4 28.Qc3 Kh7
29.h4 Qe2 30.Qe3 Qxe3 31.fxe3 Be2 32.Kf2 Bg4 33.Kg3 h5 34.Kf4 Kg6 35.Nd3 Bf5
36.Nf2 f6 37.e4 dxe4 38.Nxe4 Bg4 39.Nd6 Kh6 40.Ke4 Kg6 41.Ke3 fxe5 42.dxe5 Bd1
43.Kd4 Bb3 44.Kc5 Bd5 45.g3 Kh7 46.Nb5 Kg6 47.Nd4 Kf7 48.Kd6 Ba2 49.Ne2 g6
50.Nc3 Bc4 51.Ne4 Ba2 52.Ng5+ Ke8 53.Nxe6 Bb3 54.Nf4 Kf7 55.e6+ Bxe6 56.Nxe6 Kf6
57.Ng5 Kf5 58.Kd5 Kg4 59.Ne4  1-0

[Event "Centroamericano & Caribbean U20 w"]
[Site "Medellin COL"]
[Date "2009.07.30"]
[Round "1"]
[White "Salazar,Mo"]
[Black "Herrera,Mil"]
[Result "0-1"]
[WhiteElo "1906"]
[BlackElo "2118"]

1.e4 c5 2.Nf3 e6 3.d4 cxd4 4.Nxd4 a6 5.Bd3 Nf6 6.O-O Qc7 7.Qe2 d6 8.c4 g6
9.Nc3 Bg7 10.Be3 O-O 11.Rac1 Nbd7 12.Rfd1 b6 13.f3 Bb7 14.Qf2 Rac8 15.b4 Ne5
16.Nb3 Qb8 17.Na4 b5 18.Nb6 Nxd3 19.Rxd3 bxc4 20.Rxc4 Rxc4 21.Nxc4 d5 22.exd5 Nxd5
23.a3 Rc8 24.Nc5 Bc6 25.Na5 Bb5 26.Rb3 Qe5 27.g3 Nxe3 28.Rxe3 Qa1+ 29.Kg2 Bd4
30.Nab3 Bxe3 31.Nxa1 Bxf2 32.Kxf2 Rd8 33.Ke3 Rd1 34.Nab3 Bc4 35.Nd2 Bd5 36.a4 Ra1
37.a5 e5 38.f4 Ra3+ 39.Kf2 e4 40.Ndxe4 Bxe4 41.Nxe4 Rb3 42.Nc5 Rxb4 43.Nxa6 Ra4
44.h4 Rxa5 45.Nb4 f5 46.Nd3 Kf7 47.Ne1 Ra2+ 48.Ke3  0-1

[Event "Czech Open A"]
[Site "Pardubice CZE"]
[Date "2009.07.30"]
[Round "7"]
[White "Markin,D"]
[Black "Meskovs,N"]
[Result "1-0"]
[WhiteElo "2405"]
[BlackElo "2221"]

1.e4 c5 2.Nf3 e6 3.d4 cxd4 4.Nxd4 a6 5.Bd3 Qc7 6.O-O Nf6 7.Qe2 d6 8.Be3 Nbd7
9.f4 Be7 10.Nd2 b6 11.Kh1 g6 12.Rae1 Bb7 13.Bg1 h5 14.c4 h4 15.Rf3 Nh5 16.Be3 e5
17.Nc2 exf4 18.Bxf4 g5 19.Be3 Ne5 20.Rf5 Bc8 21.Nb4 Bxf5 22.Nd5 Qb7 23.exf5 Nf6
24.Nxf6+ Bxf6 25.Be4 Qc8 26.Bxa8 Qxa8 27.Bxb6 h3 28.Ne4 Ke7 29.Bc7 hxg2+
30.Qxg2 Nd3 31.Bxd6+ Kd7 32.Nxf6+ Kxd6 33.Ne4+ Ke7 34.Re3 Ne5 35.Qxg5+ Kf8
36.f6 Ng6 37.Qc5+ Kg8 38.Qd5 Qa7 39.Ng5 Nf8 40.Rg3  1-0

[Event "Czech Open A"]
[Site "Pardubice CZE"]
[Date "2009.07.30"]
[Round "7"]
[White "Kovar,V"]
[Black "Mirumian,V"]
[Result "0-1"]
[WhiteElo "2328"]
[BlackElo "2506"]

1.e4 c5 2.Nf3 e6 3.d4 cxd4 4.Nxd4 a6 5.Bd3 Qb6 6.c3 d6 7.O-O Nf6 8.Nd2 Nbd7
9.Qe2 Qc7 10.Re1 g6 11.Nf1 Bg7 12.Nf3 O-O 13.h3 b5 14.Bf4 Bb7 15.Rad1 Nc5
16.Ng3 e5 17.Bg5 Rfe8 18.Bxf6 Bxf6 19.Bc2 Rad8 20.b4 Ne6 21.Qe3 Nf4 22.Bb3 Kg7
23.Nh2 h5 24.Qf3 a5 25.bxa5 Qxa5 26.Nhf1 Rc8 27.Rxd6 Rxc3 28.Re3 Rc1 29.Ne2 Be7
30.Nxf4 exf4 31.Qxf4 Bxd6 32.Qxf7+ Kh6 33.Qxe8 Qc7 34.Qh8+ Qh7 35.Qf6 Qe7
36.Qxe7 Bxe7 37.g3 b4 38.Kg2 Bc5 39.Re2 Ba6 40.Kf3 Rxf1 41.Rc2 Ba7 42.Bd5 Bd4
43.h4 Bc3 44.a3 Bd3  0-1

[Event "ZMD Open"]
[Site "Dresden GER"]
[Date "2009.07.31"]
[Round "7"]
[White "Tammert,R"]
[Black "Schott,P"]
[Result "1/2-1/2"]
[WhiteElo "1973"]
[BlackElo "1799"]

1.e4 c5 2.Nf3 e6 3.d4 cxd4 4.Nxd4 a6 5.Bd3 Qc7 6.O-O Nc6 7.c3 Nf6 8.Qe2 d6
9.Nxc6 Qxc6 10.f4 Nd7 11.Nd2 b5 12.Nf3 e5 13.Kh1 Bb7 14.fxe5 dxe5 15.Bg5 h6
16.Bd2 Bd6 17.b4 Nf6 18.Rae1 Rc8 19.Nh4 Rd8 20.Nf5 Bf8 21.Bb1 g6 22.Ng3 Bg7
23.Rc1  1/2-1/2

[Event "Czech Open A"]
[Site "Pardubice CZE"]
[Date "2009.07.31"]
[Round "8"]
[White "Grandelius,N"]
[Black "Blomqvist,E"]
[Result "1-0"]
[WhiteElo "2515"]
[BlackElo "2436"]

1.e4 c5 2.Nf3 e6 3.d4 cxd4 4.Nxd4 a6 5.Bd3 Nf6 6.O-O Qc7 7.Qe2 d6 8.c4 g6
9.Nc3 Bg7 10.Rd1 O-O 11.Nf3 Nc6 12.Bf4 Nd7 13.Rac1 Nde5 14.b3 b6 15.Qe3 Nxf3+
16.Qxf3 Bb7 17.Bb1 Nd4 18.Qg3 e5 19.Be3 Rac8 20.Bd3 Qd7 21.f3 f5 22.Qf2 b5
23.Nd5 Bxd5 24.cxd5 fxe4 25.Bxe4 Rxc1 26.Rxc1 Rc8 27.Rxc8+ Qxc8 28.Qd2 Bf6
29.Kf1 Bd8 30.Qc1 Qxc1+ 31.Bxc1 Ba5 32.Bd3 Bb4 33.f4 exf4 34.Bxf4 Bc5 35.Bd2 Kf7
36.b4 Bb6 37.Bf4 Bc7 38.Kf2 Nf5 39.Kf3 h5  1-0

[Event "Centroamericano & Caribbean U20 w"]
[Site "Medellin COL"]
[Date "2009.08.01"]
[Round "4"]
[White "Salazar,Au"]
[Black "Romero Echeverria,A"]
[Result "1/2-1/2"]
[WhiteElo "2049"]
[BlackElo "2048"]

1.e4 c5 2.Nf3 e6 3.d4 cxd4 4.Nxd4 a6 5.Bd3 Bc5 6.Nb3 Ba7 7.O-O d6 8.Nc3 Nf6
9.Bg5 Nbd7 10.Kh1 Qc7 11.a4 h6 12.Bh4 g5 13.Bg3 h5 14.h4 Ng4 15.Qd2 gxh4
16.Bxh4 Nde5 17.f3 Ng6 18.Qg5 Be3 19.f4 Nxh4 20.Qxh4 Qe7 21.Qxe7+ Kxe7 22.g3 h4
23.gxh4 Rxh4+ 24.Kg2 Bd7 25.Rh1 Rxh1 26.Rxh1 Rg8 27.Kf3 Bc6 28.Na5 Nf2 29.Nxc6+ bxc6
30.Rh5 Nxd3 31.cxd3 Bc1 32.Ra5 Ra8 33.b4 Bd2 34.Na2 c5 35.Ke2 Bxb4 36.Nxb4 cxb4
37.Kd2 b3 38.Kc1 Kd7 39.Kb2 Kc6 40.Kxb3 Kb6 41.Rg5 Rf8 42.Kc4 Kc6 43.d4 Rh8
44.d5+ Kd7 45.dxe6+ fxe6 46.Rg7+ Kc6 47.Ra7 Kb6 48.Re7 Rh6 49.Kd4 Rf6  1/2-1/2

[Event "Czech Open A"]
[Site "Pardubice CZE"]
[Date "2009.08.01"]
[Round "9"]
[White "Korinek,O"]
[Black "Obodchuk,A"]
[Result "1/2-1/2"]
[WhiteElo "2275"]
[BlackElo "2395"]

1.e4 c5 2.Nf3 e6 3.d4 cxd4 4.Nxd4 a6 5.Bd3 Bc5 6.Nb3 Be7 7.Nc3 d6 8.O-O Nf6
9.Kh1 Nbd7 10.f4 b5 11.Qe2 Qc7 12.a4 b4 13.Nd1 Bb7 14.Nf2 O-O 15.Bd2 a5 16.Rfc1 e5
17.c3 bxc3 18.Rxc3 Qb8 19.Bb5 d5 20.Rac1 Bd6 21.exd5 exf4 22.Rc6 Nxd5 23.Nxa5 Rxa5
24.Bxa5 Ne5 25.Nd3 Nxc6 26.Bxc6 Ne3 27.Bd2 Ba6 28.b4 Bxb4 29.Bxe3 fxe3 30.Qxe3 Bd6
31.Be4 Re8 32.Qf3 Bxh2 33.Nc5 Qf4 34.Rd1 Bc8 35.Qxf4 Bxf4 36.Bc6 Bg4 37.Rf1 Rc8
38.Rxf4 Rxc6 39.Nd3 h5 40.a5 Bc8 41.Rxf7 Rc3 42.Ne5 Rc5 43.Re7 Kh7 44.Re8 Bb7
45.Re7 Ba6 46.Nf3 Rxa5 47.Ra7 Kh6 48.Nd4 g6 49.Nc6 Ra4 50.Kg1 Kg5 51.Nb8 Bb5
52.Rxa4 Bxa4 53.Na6 Kf4 54.Nc5 Bb5 55.Kf2 Ke5 56.Nb3 h4 57.Nd2 g5 58.g3 h3
59.Nf3+ Kf6 60.g4 Bc6 61.Kg3 Bxf3 62.Kxf3 Ke5 63.Kg3 Ke4 64.Kxh3 Kf3 65.Kh2  1/2-1/2

[Event "Czech Open A"]
[Site "Pardubice CZE"]
[Date "2009.08.01"]
[Round "9"]
[White "Popilski,G"]
[Black "D'Costa,L"]
[Result "1/2-1/2"]
[WhiteElo "2392"]
[BlackElo "2477"]

1.e4 c5 2.Nf3 e6 3.d4 cxd4 4.Nxd4 a6 5.Bd3 Bc5 6.Nb3 Be7 7.Qg4 g6 8.Qe2 d6
9.O-O Nd7 10.Na3 Qc7  1/2-1/2

[Event "Centroamericano & Caribbean U20"]
[Site "Medellin COL"]
[Date "2009.08.02"]
[Round "5"]
[White "Narvaez,Z"]
[Black "Torres,Ju2"]
[Result "1-0"]
[WhiteElo "2204"]
[BlackElo "2155"]

1.e4 c5 2.Nf3 e6 3.d4 cxd4 4.Nxd4 a6 5.Bd3 Nc6 6.Nxc6 dxc6 7.Nd2 Bd6 8.Nc4 Bc7
9.O-O e5 10.Bd2 b5 11.Ne3 Ne7 12.a4 Be6 13.Bb4 Rb8 14.axb5 axb5 15.Qf3 Bd6
16.Ba5 Bc7 17.Bxc7 Qxc7 18.Nf5 O-O 19.Ra6 Nxf5 20.exf5 Bd5 21.Be4 Qb7 22.Ra5 f6
23.b4 Rfd8 24.Rfa1 Bxe4 25.Qxe4 Rd4 26.Qe3 Qd7 27.Qb3+ Qd5 28.Ra8 Rxa8 29.Rxa8+ Kf7
30.Ra7+ Kf8 31.Ra8+ Ke7 32.Ra7+ Kd6 33.Qxd5+ cxd5 34.g3 Rxb4 35.Rxg7 e4 36.Rxh7 Ke5
37.h4 d4 38.Rh8 d3 39.f4+ Kd4 40.cxd3 exd3 41.Kf2 d2 42.Rd8+ Kc3 43.Ke3 Rb1
44.Rxd2 Re1+ 45.Re2 Rd1 46.h5 b4 47.g4 Rg1 48.Kf3 b3 49.h6 b2 50.Rxb2 Kxb2
51.g5 fxg5 52.f6 g4+ 53.Kf2 Rc1 54.f7 Rc8 55.Kg3 Rf8 56.h7 Kc3 57.Kxg4 Kd4
58.Kg5 Kd5 59.Kf6 Kd6 60.f5  1-0

[Event "Centroamericano & Caribbean U20 w"]
[Site "Medellin COL"]
[Date "2009.08.03"]
[Round "7"]
[White "Salazar,Au"]
[Black "Mencos,C"]
[Result "1-0"]
[WhiteElo "2049"]
[BlackElo "1921"]

1.e4 c5 2.Nf3 e6 3.d4 cxd4 4.Nxd4 a6 5.Bd3 Nc6 6.Nxc6 dxc6 7.O-O e5 8.Qe2 Nf6
9.Nd2 Qc7 10.b3 Be7 11.Bb2 O-O 12.Kh1 b5 13.c4 Bb7 14.f4 Nd7 15.f5 Rfd8 16.Rf3 Nc5
17.Bc2 a5 18.Rh3 Bf6 19.Nf1 Na6 20.Qh5 Nb4 21.Qxh7+ Kf8 22.Ba3 bxc4 23.bxc4 c5
24.Bxb4 cxb4 25.Ne3 Ke7 26.Qh5 Rd4 27.Nd5+ Bxd5 28.exd5 a4 29.Qf3 Ra7 30.Bd3 b3
31.a3 Qc5 32.Bf1 Kd6 33.Qh5 Rd2 34.Qh8 Ke7 35.Qb8 Rd4 36.Rh8 Qc7 37.Qf8+ Kd7
38.c5 Rxd5 39.Qe8+  1-0

[Event "Centroamericano & Caribbean U20 w"]
[Site "Medellin COL"]
[Date "2009.08.03"]
[Round "7"]
[White "Orozco,Li"]
[Black "Figueroa,J"]
[Result "1-0"]
[WhiteElo "2148"]
[BlackElo "1770"]

1.e4 c5 2.Nf3 e6 3.d4 cxd4 4.Nxd4 a6 5.Bd3 Nc6 6.Nb3 d5 7.exd5 exd5 8.Qe2+ Be7
9.Bg5 Be6 10.Bxe7 Ngxe7 11.N1d2 Nb4 12.c3 Nxd3+ 13.Qxd3 O-O 14.O-O Rc8 15.Rfe1 Re8
16.Nd4 Ng6 17.Qg3 Qb6 18.N2b3 Bd7 19.h4 Nf8 20.Qg5 Qd6 21.Nf5 Bxf5 22.Qxf5 Ne6
23.g3 Rc7 24.Rad1 Rd7 25.c4 Red8 26.Rxd5 Qb4 27.Rxe6 Rxd5 28.Qxd5 Rxd5 29.Re8+ Qf8  1-0

[Event "4th Timisoara Cup A"]
[Site "Timisoara ROM"]
[Date "2009.08.03"]
[Round "3"]
[White "Petrisor,A"]
[Black "Ogleznev,A"]
[Result "0-1"]
[WhiteElo "2322"]
[BlackElo "2338"]

1.e4 c5 2.Nf3 e6 3.d4 cxd4 4.Nxd4 a6 5.Bd3 Bc5 6.Nb3 Ba7 7.Nc3 Nc6 8.Qe2 d6
9.Be3 Nge7 10.f4 b5 11.O-O-O Bd7 12.Bxa7 Rxa7 13.e5 dxe5 14.fxe5 Qb8 15.Rhe1 b4
16.Nb1 Nd5 17.Qg4 g6 18.Bc4 O-O 19.Qg5 Rc8 20.N1d2 Nce7 21.Bd3 Bb5 22.Ne4 h6
23.Qxh6 Qxe5 24.Kb1 Bxd3 25.cxd3 a5 26.d4 Qg7 27.Qxg7+ Kxg7 28.Nbc5 a4 29.Rd3 a3
30.b3 Rh8 31.h3 Nf4 32.Rd2 Nf5 33.Rf1 Nd5 34.g4 Nfe7 35.Ng5 Nc3+ 36.Kc1 Nc8
37.Rdf2 Nd6 38.Ngxe6+ fxe6 39.Nxe6+ Kh7 40.Nf8+ Rxf8 41.Rxf8 Nxa2+ 42.Kd2 Nc3
43.Rb8 a2 44.Ra1 Ndb5 45.Rd8 Rf7 46.Ke3 Na3 47.Kd3 Rf3+ 48.Kd2 Rf2+ 49.Kd3 Nc2
50.Rd7+ Kg8 51.Rxa2 Nxa2 52.d5 Na3 53.d6 Rf7 54.Rd8+ Rf8 55.Rd7 Nc1+  0-1

[Event "Open"]
[Site "Kavala GRE"]
[Date "2009.08.04"]
[Round "5"]
[White "Hess,Ro"]
[Black "Koneru,H"]
[Result "1-0"]
[WhiteElo "2560"]
[BlackElo "2623"]

1.e4 c5 2.Nf3 e6 3.d4 cxd4 4.Nxd4 a6 5.Bd3 Bc5 6.Nb3 Be7 7.O-O d6 8.Qg4 g6
9.Qg3 Nc6 10.a4 Nf6 11.Bh6 Nh5 12.Qe3 g5 13.Be2 Nf4 14.Bg7 Rg8 15.Bc3 e5
16.Bc4 h5 17.Na3 g4 18.Rfd1 Rg6 19.Bd5 Bg5 20.Qe1 Nxd5 21.exd5 Ne7 22.Nc4 b6
23.Bb4 Bf5 24.Bxd6 Bxc2 25.Bxe7 Bxe7 26.Nxe5 Bxd1 27.Rxd1 Rf6 28.Qe4 Qd6
29.Nd4 O-O-O 30.Nf5 Qc7 31.d6 Bxd6 32.Qa8+ Qb8 33.Nxd6+  1-0

[Event "110th US Open"]
[Site "Indianapolis USA"]
[Date "2009.08.05"]
[Round "5"]
[White "Magness,T"]
[Black "Bercys,S"]
[Result "0-1"]
[WhiteElo "2105"]
[BlackElo "2434"]

1.e4 c5 2.Nf3 e6 3.d4 cxd4 4.Nxd4 a6 5.Bd3 Bc5 6.Nb3 Ba7 7.c4 Nc6 8.O-O Nge7
9.Nc3 O-O 10.Kh1 f5 11.Qe2 d6 12.Be3 f4 13.Bxa7 f3 14.gxf3 Rxa7 15.Rad1 Ng6
16.Qd2 Qf6 17.Be2 Nf4 18.Qe3 Qh4 19.Rg1 Qh5 20.Rxd6 Ra8 21.Nd4 Ne5 22.b3 Bd7
23.Bd1 Rf7 24.Nf5 Neg6 25.Ng3 Qh4 26.Nge2 Nh3 27.Rg3 Raf8 28.Kg2 Nhf4+ 29.Nxf4 Nxf4+
30.Kh1 Bc6 31.Ne2 Nh5 32.Rg4 Qe7 33.Qc5 Nf6 34.Rg3 Bxe4 35.Nd4 Ne8 36.fxe4 Nxd6
37.e5 Ne4 38.Qxe7 Rxe7 39.Rf3 Nxf2+ 40.Rxf2 Rxf2  0-1

[Event "FSIMB August"]
[Site "Budapest HUN"]
[Date "2009.08.06"]
[Round "6"]
[White "Lengyel,B"]
[Black "Kislik,E"]
[Result "1-0"]
[WhiteElo "2257"]
[BlackElo "2342"]

1.e4 c5 2.Nf3 e6 3.d4 cxd4 4.Nxd4 a6 5.Bd3 Bc5 6.Nb3 Ba7 7.Qe2 Nc6 8.Be3 d6
9.Nc3 Nf6 10.f4 b5 11.Bxa7 Rxa7 12.O-O O-O 13.Rae1 b4 14.Nd1 e5 15.f5 d5
16.Nf2 Qb6 17.Kh1 Bb7 18.Ng4 Nxg4 19.Qxg4 dxe4 20.f6 g6 21.Qg5 Nd8 22.Qh6 Ne6
23.Bc4 Qc7 24.Nd2 g5 25.Rf5  1-0

[Event "110th US Open"]
[Site "Indianapolis USA"]
[Date "2009.08.07"]
[Round "7"]
[White "Marshall,A"]
[Black "Sarkar,J"]
[Result "0-1"]
[WhiteElo "2171"]
[BlackElo "2388"]

1.e4 c5 2.Nf3 e6 3.d4 cxd4 4.Nxd4 a6 5.Bd3 Nf6 6.c4 Nc6 7.Nxc6 dxc6 8.O-O e5
9.Qe2 Bc5 10.Nd2 Bg4 11.Nf3 Nd7 12.h3 Bh5 13.Bd2 a5 14.Bc3 Bb4 15.Bxb4 axb4
16.g4 Bg6 17.Qe3 Qe7 18.Bc2 h5 19.g5 h4 20.Kh2 f6 21.Rg1 Bf7 22.Rg4 Bh5 23.Rxh4 Nf8
24.gxf6 Qxf6 25.Rg1 Ng6 26.Rxg6 Qxg6 27.Nxe5 Qf6 28.Nf3 O-O-O 29.Rf4 Qxb2
30.Bb3 Rd3 31.Qa7 Rxf3 32.Rxf3 Bxf3 33.Kg3 Qe5+ 34.Kxf3 Rxh3+ 35.Kg2 Qh2+
36.Kf1 Qh1+ 37.Ke2 Qxe4+  0-1